000
00342 a2200157 4500
001
161447
020
_a
040
_c
Magnum
100
_a
Braz, Julio Emilio
240
1
0
_a
Sujo ! corrupcao no brasil
_l
por
245
1
0
_a
Sujo ! corrupcao no brasil
362
0
_a
1899
440
1
_a
FTD
697
_a
J/SOCIEDADE, COTIDIANO
942
_c
BK
999
_c
161447
_d
161447